Constructing Words by ⬆⬅⬇➡ - Grid Directions Puzzle - Statistics

General Stats
  • This quiz has been taken 849 times
  • The average score is 15 of 16
Answer Stats
Instructions Letter % Correct
V⬇➡ B
100%
Y⬅⬅⬅ I
99%
A⬅⬆⬆ O
98%
M⬆⬆⬆ L
97%
J⬆➡➡⬇ M
95%
F⬅⬆➡ U
95%
E⬅⬅ I
94%
T⬇➡➡⬇➡ N
93%
N⬇ C
92%
P⬇➡➡➡ E
92%
U⬅⬅ S
92%
K⬇➡➡⬆➡⬇⬇ E
88%
Y⬆⬆⬅ N
88%
H⬇➡⬇⬇⬅ C
85%
W⬇⬇⬇ E
85%
Final Word Bioluminescence
75%
No matching quizzes found
Score Distribution
Percent of People with Each Score
Percentile by Number Answered
Your Score History
You have not taken this quiz